000 00302nam a22001217a 4500
020 _a0130322202
082 _222
_a005.4469
100 _aMann, Scott.
245 _aLinux TCP/IP network administration /
260 _aUSA,
_bPrentice Hall,
_cc2002.
300 _axxv, 847 p. ;
_bill. ;
942 _2ddc
_cIT
_01
999 _c3899
_d3899